Středočeské závody a okruhy : století středočeského silničního závodění /

Main Author: Wohlmuth, Jiří, 1948-
Other Authors: Kotrbáček, Jaroslav, 1950-
Language: Czech
Published: Praha : Grada Publishing, 2017
Edition: První vydání
Series: TEN
Subjects:
Physical Description: 228 stran : ilustrace, portréty, mapy, faksimile ; 25 cm
Book
Saved in:
LEADER 02474nam a2200637 i 4500
001 nkc20172903851
003 CZ PrNK
005 20170720124441.0
007 ta
008 170619s2017 xr abche 000 0dcze
015 |a cnb002903851 
020 |a 978-80-271-0390-4  |q (vázáno) 
035 |a (OCoLC)1000496302 
040 |a BOA001  |b cze  |d ABA001  |e rda 
043 |a e-xr---  |b e-xr-cc  |2 czenas 
045 |a x-x- 
072 7 |a 796  |x Sport. Hry. Tělesná cvičení  |2 Konspekt  |9 20 
080 |a 796.71  |2 MRF 
080 |a 796.71.093  |2 MRF 
080 |a 796.72  |2 MRF 
080 |a 796.72.093  |2 MRF 
080 |a 796/799(091)  |2 MRF 
080 |a (437.31-191.2)  |2 MRF 
080 |a (048.8)  |2 MRF 
100 1 |a Wohlmuth, Jiří,  |d 1948-  |7 jk01151750  |4 aut 
245 1 0 |a Středočeské závody a okruhy :  |b století středočeského silničního závodění /  |c Jiří Wohlmuth, Jaroslav Kotrbáček 
250 |a První vydání 
264 1 |a Praha :  |b Grada Publishing,  |c 2017 
300 |a 228 stran :  |b ilustrace, portréty, mapy, faksimile ;  |c 25 cm 
336 |a text  |b txt  |2 rdacontent 
337 |a bez média  |b n  |2 rdamedia 
338 |a svazek  |b nc  |2 rdacarrier 
490 1 |a TEN : technická elita národa 
504 |a Obsahuje bibliografii 
648 7 |a 20. století  |7 ch460558  |2 czenas 
650 0 7 |a automobilový sport  |7 ph118705  |z Česko  |y 20. století  |2 czenas 
650 0 7 |a automobilové závody  |7 ph114106  |z Česko  |y 20. století  |2 czenas 
650 0 7 |a motocyklový sport  |7 ph162896  |z Česko  |y 20. století  |2 czenas 
650 0 7 |a motocyklové závody  |7 ph122995  |z Česko  |y 20. století  |2 czenas 
650 0 7 |a dějiny sportu  |7 ph488972  |z Česko  |y 20. století  |2 czenas 
650 0 9 |a automobile sport  |z Czechia  |y 20th century  |2 eczenas 
650 0 9 |a automobile racing  |z Czechia  |y 20th century  |2 eczenas 
650 0 9 |a motorcycle sports  |z Czechia  |y 20th century  |2 eczenas 
650 0 9 |a motorcycle racing  |z Czechia  |y 20th century  |2 eczenas 
650 0 9 |a history of sports  |z Czechia  |y 20th century  |2 eczenas 
651 7 |a Čechy střední (Česko)  |7 ge131654  |2 czenas 
651 9 |a Bohemia, Central (Czechia)  |2 eczenas 
655 7 |a přehledy  |7 fd133202  |2 czenas 
655 9 |a surveys  |2 eczenas 
700 1 |a Kotrbáček, Jaroslav,  |d 1950-  |7 jx20090324018  |4 aut 
830 0 |a TEN  |0 s 
910 2 |a BOA001  |b 2-1390.944 
990 |a BK 
995 |a 01 
991 |b 201707  |c NOV 
996 6 |b 2610713092  |c 2-1390.944  |l MZK  |r Sklad / do 1 hodiny  |n 0  |p p.v.  |w 001619111  |u 000010  |a 1  |e BOA001  |j MZK50  |s P